Journey to the Sublime Porte : the Arabic memoir of a Sharifian agent's diplomatic mission to the Ottoman Imperial Court in the era of Suleyman the Magnificent ; the relevant text from Quṭb al-Dīn al-Nahrawālī's al-Fawāʼid al-sanīyah fī al-riḥlah al-Madanīyah wa al-Rūmīyah /

Saved in:

Other Authors: Nahrawālī, Muḥammad ibn Aḥmad, -1580 or 1581., Blackburn, Richard Arthur, 1918-

Format: Book

Language: English
Arabic

Published: Beirut : Würzburg : Orient-Institut ; Ergon in Kommission, 2005.

Series: Beiruter Texte und Studien, 109.

Subjects:

Tags: Add Tag

No Tags, Be the first to tag this record!

Call Number: DR505 .J697 2005

LEADER 01544namaa2200313 4500
001 22365
003 OSt
005 20260122141039.0
008 130303s2005 gw b 000 0 eng d
020 |a 3899134419 
040 |c ARCE Library 
041 1 |a eng  |h ara 
043 |a a-tu--- 
050 4 |a DR505 .J697 2005 
240 0 0 |a Fawāʼid al-sanīyah fī al-riḥlah al-Madanīyah wa al-Rūmīyah.  |k Selections.  |l English 
245 0 0 |a Journey to the Sublime Porte :  |b the Arabic memoir of a Sharifian agent's diplomatic mission to the Ottoman Imperial Court in the era of Suleyman the Magnificent ; the relevant text from Quṭb al-Dīn al-Nahrawālī's al-Fawāʼid al-sanīyah fī al-riḥlah al-Madanīyah wa al-Rūmīyah /  |c introduced, translated and annotated by Richard Blackburn. 
264 1 |a Beirut :  |b Orient-Institut ;  |a Würzburg :  |b Ergon in Kommission,  |c 2005. 
300 |a xxiii, 367 pages :  |b color map ;  |c 24 cm. +  |e 1 CD-ROM (4 3/4 in.) 
490 1 |a Beiruter Texte und Studien,   |x 0067-4931 ;   |v 109. 
500 |a Translation of : Fawāʼid al-sanīyah fī al-riḥlah al-Madanīyah wa al-Rūmīyah. 
555 |a Nabil 
600 0 0 |a Nahrawālī, Muḥammad ibn Aḥmad,  |d -1580 or 1581  |x Travel  |z Turkey.  |9 36657 
651 0 |a Turkey  |x History  |y Süleyman I, 1520-1566  |v Sources. 
700 1 |a Nahrawālī, Muḥammad ibn Aḥmad,   |d -1580 or 1581.  |9 36657 
700 1 |a Blackburn, Richard Arthur,  |d 1918-  |9 26872 
830 0 |a Beiruter Texte und Studien,   |x 0067-4931 ;   |v 109. 
901 |a reviewed 
942 |c BK  |2 lcc 
999 |c 21351  |d 21351